Poesías completas /

Bibliographic Details
Main Author: Agustini, Delmira, 1886-1914
Other Authors: Zum Felde, Alberto, 1888-1976
Format: Book
Language:Spanish
Published: Buenos Aires : Editorial Losada, [1944]
Series:Poetas de Espana y America (Buenos Aires (Argentina))

MARC

Tag First Indicator Second Indicator Subfields
LEADER 00000cam a2200000 4500
001 in00001451521
005 20151020165052.0
008 770809s1944 ag 000 0 spa
010 |a  45013909  
035 |a (OCoLC)03174651 
035 |9 AJC6440AM 
040 |a DLC  |c MDY  |d TXA  |d UtOrBLW 
049 |a TXAM 
050 0 0 |a PQ8519  |b .A5 1944 
100 1 |a Agustini, Delmira,  |d 1886-1914. 
245 1 0 |a Poesías completas /  |c Delmira Agustini ; prólogo y selección de Alberto Zum Felde. 
264 1 |a Buenos Aires :  |b Editorial Losada,  |c [1944] 
300 |a 197 pages ;  |c 21 cm. 
336 |a text  |b txt  |2 rdacontent 
337 |a unmediated  |b n  |2 rdamedia 
338 |a volume  |b nc  |2 rdacarrier 
490 1 |a Poetas de España y América 
700 1 |a Zum Felde, Alberto,  |d 1888-1976. 
830 0 |a Poetas de Espana y America (Buenos Aires (Argentina)) 
948 |a c:jlg 
999 |a MARS 
999 f f |s dbca5690-a028-392e-9576-6327214ef7ef  |i fffa1551-e308-3aab-b55c-f583612549b9  |t 0 
952 f f |p normal  |a Texas A&M University  |b College Station  |c Sterling C. Evans Library  |d Evans: Library Stacks  |t 0  |e PQ8519 .A5 1944  |h Library of Congress classification  |i unmediated -- volume  |m A14822229083 
998 f f |a PQ8519 .A5 1944  |t 0  |l Evans: Library Stacks